000 00584nam a2200181Ia 4500
005 20250507130151.0
008 008 250505s9999 xx 000 0 eng d
037 _aDIS
040 _aEASL
_beng
_cEASL
041 _aeng
_2eng
084 _a0000172
_qEASL
100 _aN Kutoli
_9674045
245 0 _aEdo urban culture: Understanding acquiescence in an "Autonomous" arena Ranjana Mukhopadhaya
260 _aIndia
_bUnivesity of Delhi. Social Sciences. East Asian Studies (Delhi India)
_c2013
300 _a150p.
942 _cDIS
_h0000172
999 _c1318060
_d1318060